000 00458nam a2200181Ia 4500
008 240510s9999 xx 000 0 und d
041 _aEng
082 _a004.165
082 _bB62
100 _aBRENNER, ROBERT C.
245 0 _aIBM Personal Computer:TROUBLESHOOTING &REPAIR:FOR THE IBM PC, PC/XT AND PC AT
260 _bRobert C. Brenner
260 _c1989
300 _a488 p.
650 _aDigital Micro Computer
942 _2ddc
942 _cLBK
999 _c24344
_d24344
945 _a1
_bMadushi Gamage
_c1
_dMadushi Gamage